The Space and it´s Pictures - Statistics

General Stats
  • This quiz has been taken 19 times
  • The average score is 11 of 12
Answer Stats
Picture Answer % Correct
Earth
100%
Mars
100%
Neptune
100%
Saturn
100%
Uranus
100%
Jupiter
94%
Sun
94%
Mercury
89%
Pluto
89%
Venus
89%
Milky Way
78%
ISS
44%
No matching quizzes found
Score Distribution
Percent of People with Each Score
Percentile by Number Answered
Your Score History
You have not taken this quiz